000 00657nam a22001937a 4500
999 _c182280
_d182280
005 20211108104448.0
010 _aUR-11305
020 _c300.00
_a-
035 _aU-9860
037 _bDBAD/PUB
082 _a844
100 _aغلا م ا ما م حيد ر
245 _aا نتخا ب مضا مين حيد ر
_cغلا م ا ما م حيد ر
246 _aIntekhab-e-Mazameen-e-Haider (Urdu)
_bby Syed Ghulam Imam Haider
260 _aTilangana
_c2019 ء
_b Syed Ghulam Imam Haider
270 _aZ-3/238/89/A,Bagdi ParaRoad ,Badartala
_bKolkata
_e700044
_l -
300 _a288 ص
_c22 Cm(Hb)
942 _2ddc
_cUR
_h844
_mح ي د